000
00339pab a2200145 454500
008
180718b1985 xxu||||| |||| 00| 0 eng d
100
_a
Duncan, Graene
245
_a
A criss of social democracy
260
_c
1985
300
_a
267-81
362
_a
Summer
650
_a
Democracy - U.K.
773
_a
Parliamentary Affairs
909
_a
7244
999
_c
7244
_d
7244